[Event "POHÁR města Říčany 2023"]
[Site "Městské kulturní středisko U labutě"]
[Date "2023.09.01"]
[Round "8.1"]
[White "Horak, Martin"]
[Black "Seidl, Jan"]
[Result "1-0"]
[WhiteFideId "367095"]
[BlackFideId "23714522"]
[WhiteElo "2302"]
[BlackElo "2163"]
[PlyCount "0"]
[EventDate "2023.08.26"]

1. e4 {[%clk 01:18:13]} {[%emt 00:12:46]} c6 {[%clk 01:30:47]} {[%emt
00:00:13]} 2. d4 {[%clk 01:18:34]} {[%emt 00:00:08]} d5 {[%clk 01:31:07]}
{[%emt 00:00:11]} 3. e5 {[%clk 01:18:59]} {[%emt 00:00:05]} Bf5 {[%clk
01:31:33]} {[%emt 00:00:04]} 4. Nf3 {[%clk 01:19:25]} {[%emt 00:00:05]} e6
{[%clk 01:31:55]} {[%emt 00:00:08]} 5. Be2 {[%clk 01:19:50]} {[%emt 00:00:05]}
c5 {[%clk 01:32:03]} {[%emt 00:00:22]} 6. c3 {[%clk 01:20:15]} {[%emt
00:00:04]} Nc6 {[%clk 01:30:50]} {[%emt 00:01:44]} 7. O-O {[%clk 01:20:39]}
{[%emt 00:00:06]} cxd4 {[%clk 01:28:40]} {[%emt 00:02:40]} 8. Nxd4 {[%clk
01:20:19]} {[%emt 00:00:51]} Nxd4 {[%clk 01:21:21]} {[%emt 00:07:50]} 9. cxd4
{[%clk 01:20:26]} {[%emt 00:00:22]} Ne7 {[%clk 01:21:08]} {[%emt 00:00:44]} 10.
Nc3 {[%clk 01:19:33]} {[%emt 00:01:23]} h6 {[%clk 01:15:49]} {[%emt 00:05:49]}
11. g4 {[%clk 01:18:26]} {[%emt 00:01:36]} Bh7 {[%clk 01:16:11]} {[%emt
00:00:09]} 12. f4 {[%clk 01:18:44]} {[%emt 00:00:12]} Nc6 {[%clk 01:16:24]}
{[%emt 00:00:17]} 13. f5 {[%clk 01:10:55]} {[%emt 00:08:19]} Be7 {[%clk
01:08:31]} {[%emt 00:08:23]} 14. fxe6 {[%clk 01:03:07]} {[%emt 00:08:17]} fxe6
{[%clk 01:08:55]} {[%emt 00:00:06]} 15. Bd3 {[%clk 01:03:13]} {[%emt 00:00:24]}
Bxd3 {[%clk 01:08:37]} {[%emt 00:00:48]} 16. Qxd3 {[%clk 01:03:37]} {[%emt
00:00:05]} Kd7 {[%clk 01:08:52]} {[%emt 00:00:16]} 17. Be3 {[%clk 00:59:30]}
{[%emt 00:04:37]} Rf8 {[%clk 01:05:46]} {[%emt 00:03:36]} 18. a3 {[%clk
00:45:54]} {[%emt 00:14:06]} Rxf1+ {[%clk 00:59:31]} {[%emt 00:06:45]} 19. Rxf1
{[%clk 00:46:17]} {[%emt 00:00:06]} Qg8 {[%clk 00:59:49]} {[%emt 00:00:13]} 20.
Qg6 {[%clk 00:34:04]} {[%emt 00:12:43]} Rf8 {[%clk 00:59:47]} {[%emt 00:00:32]}
21. Ne2 {[%clk 00:33:30]} {[%emt 00:01:04]} Rxf1+ {[%clk 00:53:16]} {[%emt
00:07:02]} 22. Kxf1 {[%clk 00:33:58]} {[%emt 00:00:01]} Nd8 {[%clk 00:53:39]}
{[%emt 00:00:07]} 23. Kg2 {[%clk 00:33:20]} {[%emt 00:01:07]} Qf7 {[%clk
00:53:29]} {[%emt 00:00:40]} 24. Qh7 {[%clk 00:29:52]} {[%emt 00:03:58]} Nc6
{[%clk 00:47:26]} {[%emt 00:06:34]} 25. Bxh6 {[%clk 00:29:26]} {[%emt
00:00:56]} Bf8 {[%clk 00:46:27]} {[%emt 00:01:30]} 26. h4 {[%clk 00:28:56]}
{[%emt 00:00:59]} Ke8 {[%clk 00:45:54]} {[%emt 00:01:03]} 27. Be3 {[%clk
00:28:06]} {[%emt 00:01:19]} b5 {[%clk 00:45:23]} {[%emt 00:01:01]} 28. h5
{[%clk 00:27:34]} {[%emt 00:01:02]} a5 {[%clk 00:45:21]} {[%emt 00:00:33]} 29.
Qd3 {[%clk 00:26:55]} {[%emt 00:01:08]} Qb7 {[%clk 00:45:19]} {[%emt 00:00:32]}
30. Bg5 {[%clk 00:23:12]} {[%emt 00:04:12]} b4 {[%clk 00:44:17]} {[%emt
00:01:32]} 31. a4 {[%clk 00:23:06]} {[%emt 00:00:37]} Be7 {[%clk 00:42:52]}
{[%emt 00:01:55]} 32. Qg6+ {[%clk 00:23:11]} {[%emt 00:00:25]} Kf8 {[%clk
00:43:18]} {[%emt 00:00:05]} 33. h6 {[%emt 00:00:29]} 1-0

[Event "POHÁR města Říčany 2023"]
[Site "Městské kulturní středisko U labutě"]
[Date "2023.09.01"]
[Round "8.2"]
[White "Neuman, Petr"]
[Black "Vojta, Jakub"]
[Result "1-0"]
[WhiteFideId "305243"]
[BlackFideId "382515"]
[WhiteElo "2370"]
[BlackElo "2288"]
[PlyCount "0"]
[EventDate "2023.08.26"]

1. d4 {[%clk 01:30:54]} {[%emt 00:00:05]} d5 {[%clk 01:30:54]} {[%emt
00:00:06]} 2. c4 {[%clk 01:31:15]} {[%emt 00:00:10]} dxc4 {[%clk 01:31:19]}
{[%emt 00:00:05]} 3. Nf3 {[%clk 01:31:36]} {[%emt 00:00:09]} Nf6 {[%clk
01:31:43]} {[%emt 00:00:05]} 4. e3 {[%clk 01:31:46]} {[%emt 00:00:20]} e6
{[%clk 01:31:57]} {[%emt 00:00:16]} 5. Bxc4 {[%clk 01:32:10]} {[%emt 00:00:05]}
c5 {[%clk 01:32:06]} {[%emt 00:00:22]} 6. O-O {[%clk 01:32:24]} {[%emt
00:00:16]} a6 {[%clk 01:32:29]} {[%emt 00:00:07]} 7. dxc5 {[%clk 01:31:12]}
{[%emt 00:01:42]} Qxd1 {[%clk 01:30:56]} {[%emt 00:02:02]} 8. Rxd1 {[%clk
01:31:37]} {[%emt 00:00:05]} Bxc5 {[%clk 01:31:22]} {[%emt 00:00:04]} 9. Be2
{[%clk 01:30:17]} {[%emt 00:01:50]} Nc6 {[%clk 01:30:47]} {[%emt 00:01:06]} 10.
Nbd2 {[%clk 01:30:25]} {[%emt 00:00:22]} e5 {[%clk 01:28:20]} {[%emt 00:02:57]}
11. Nb3 {[%clk 01:25:06]} {[%emt 00:05:49]} Ba7 {[%clk 01:27:41]} {[%emt
00:01:09]} 12. Bd2 {[%clk 01:21:04]} {[%emt 00:04:32]} O-O {[%clk 01:18:45]}
{[%emt 00:09:25]} 13. Na5 {[%clk 01:19:55]} {[%emt 00:01:40]} Nxa5 {[%clk
01:16:29]} {[%emt 00:02:46]} 14. Bxa5 {[%clk 01:20:12]} {[%emt 00:00:13]} e4
{[%clk 01:14:54]} {[%emt 00:02:04]} 15. Nd2 {[%clk 01:15:45]} {[%emt 00:04:58]}
Re8 {[%clk 00:45:40]} {[%emt 00:29:42]} 16. Nc4 {[%clk 01:14:25]} {[%emt
00:01:52]} Be6 {[%clk 00:45:23]} {[%emt 00:00:47]} 17. Nd6 {[%clk 01:13:44]}
{[%emt 00:01:12]} Re7 {[%clk 00:45:32]} {[%emt 00:00:21]} 18. Bc3 {[%clk
01:13:29]} {[%emt 00:00:45]} Rc7 {[%clk 00:41:10]} {[%emt 00:04:50]} 19. Bxf6
{[%clk 01:13:04]} {[%emt 00:00:56]} gxf6 {[%clk 00:41:39]} {[%emt 00:00:02]} 20.
Nxe4 {[%clk 01:13:06]} {[%emt 00:00:29]} Rc2 {[%clk 00:41:51]} {[%emt
00:00:17]} 21. Nxf6+ {[%clk 01:12:36]} {[%emt 00:00:59]} Kh8 {[%clk 00:36:26]}
{[%emt 00:05:55]} 22. Bg4 {[%clk 01:06:02]} {[%emt 00:07:05]} Bxg4 {[%clk
00:36:39]} {[%emt 00:00:17]} 23. Nxg4 {[%clk 01:06:28]} {[%emt 00:00:04]} Rxb2
{[%clk 00:36:56]} {[%emt 00:00:13]} 24. Rd7 {[%clk 01:05:31]} {[%emt 00:01:27]}
Rc8 {[%clk 00:37:00]} {[%emt 00:00:26]} 25. Rxf7 {[%clk 01:04:58]} {[%emt
00:01:04]} 1-0

[Event "POHÁR města Říčany 2023"]
[Site "Městské kulturní středisko U labutě"]
[Date "2023.09.01"]
[Round "8.3"]
[White "Taborsky, Rostislav"]
[Black "Smolik, Jachym"]
[Result "1/2-1/2"]
[WhiteFideId "307491"]
[BlackFideId "23701641"]
[WhiteElo "2153"]
[BlackElo "2340"]
[PlyCount "0"]
[EventDate "2023.08.26"]

1. c4 {[%clk 01:28:37]} {[%emt 00:02:22]} Nf6 {[%clk 01:30:52]} {[%emt
00:00:08]} 2. Nc3 {[%clk 01:28:52]} {[%emt 00:00:15]} e5 {[%clk 01:31:20]}
{[%emt 00:00:02]} 3. Nf3 {[%clk 01:29:15]} {[%emt 00:00:07]} Nc6 {[%clk
01:31:45]} {[%emt 00:00:06]} 4. a3 {[%clk 01:29:28]} {[%emt 00:00:17]} d5
{[%clk 01:25:35]} {[%emt 00:06:40]} 5. cxd5 {[%clk 01:29:42]} {[%emt 00:00:17]}
Nxd5 {[%clk 01:26:03]} {[%emt 00:00:02]} 6. Qc2 {[%clk 01:29:42]} {[%emt
00:00:30]} Be7 {[%clk 01:24:39]} {[%emt 00:01:53]} 7. e3 {[%clk 01:29:30]}
{[%emt 00:00:42]} O-O {[%clk 01:22:37]} {[%emt 00:02:32]} 8. Nxd5 {[%clk
01:21:35]} {[%emt 00:08:25]} Qxd5 {[%clk 01:23:05]} {[%emt 00:00:02]} 9. Bc4
{[%clk 01:15:46]} {[%emt 00:06:18]} Qd6 {[%clk 01:22:39]} {[%emt 00:00:56]} 10.
b4 {[%clk 01:13:53]} {[%emt 00:02:23]} a6 {[%clk 01:20:30]} {[%emt 00:02:40]}
11. Bb2 {[%clk 01:11:22]} {[%emt 00:03:01]} Kh8 {[%clk 01:10:15]} {[%emt
00:10:45]} 12. O-O {[%clk 01:05:58]} {[%emt 00:05:54]} Bg4 {[%clk 01:09:08]}
{[%emt 00:01:36]} 13. Be2 {[%clk 01:04:07]} {[%emt 00:02:21]} f5 {[%clk
00:54:41]} {[%emt 00:14:57]} 14. d3 {[%clk 01:00:44]} {[%emt 00:03:53]} Rae8
{[%clk 00:48:03]} {[%emt 00:07:08]} 15. Rac1 {[%clk 00:49:09]} {[%emt
00:12:06]} Bf6 {[%clk 00:40:55]} {[%emt 00:07:38]} 16. Rfd1 {[%clk 00:45:58]}
{[%emt 00:03:40]} f4 {[%clk 00:24:08]} {[%emt 00:17:17]} 17. h3 {[%clk
00:39:12]} {[%emt 00:07:16]} Bh5 {[%clk 00:21:27]} {[%emt 00:03:11]} 18. e4
{[%clk 00:26:08]} {[%emt 00:13:34]} Bf7 {[%clk 00:21:43]} {[%emt 00:00:14]} 19.
Bc3 {[%clk 00:21:36]} {[%emt 00:05:02]} Rc8 {[%clk 00:21:39]} {[%emt 00:00:33]}
20. Qb2 {[%clk 00:18:19]} {[%emt 00:03:48]} Rfd8 {[%clk 00:21:38]} {[%emt
00:00:30]} 21. Rc2 {[%clk 00:15:24]} {[%emt 00:03:26]} g5 {[%clk 00:19:29]}
{[%emt 00:02:39]} 22. Rcd2 {[%clk 00:14:26]} {[%emt 00:01:28]} Nd4 {[%clk
00:18:54]} {[%emt 00:01:05]} 23. Bxd4 {[%clk 00:14:40]} {[%emt 00:00:16]} exd4
{[%clk 00:19:23]} {[%emt 00:00:02]} 24. e5 {[%clk 00:14:57]} {[%emt 00:00:13]}
Bxe5 {[%clk 00:19:52]} {[%emt 00:00:01]} 25. Nxg5 {[%clk 00:15:11]} {[%emt
00:00:16]} Bd5 {[%clk 00:18:05]} {[%emt 00:02:17]} 26. Bf3 {[%clk 00:13:11]}
{[%emt 00:02:30]} Rg8 {[%clk 00:18:29]} {[%emt 00:00:06]} 27. Ne4 {[%clk
00:13:05]} {[%emt 00:00:36]} Bxe4 {[%clk 00:18:31]} {[%emt 00:00:28]} 28. Bxe4
{[%clk 00:13:22]} {[%emt 00:00:14]} Rcf8 {[%clk 00:17:18]} {[%emt 00:01:42]} 29.
Bf3 {[%clk 00:13:30]} {[%emt 00:00:23]} Rf5 {[%clk 00:16:56]} {[%emt 00:00:51]}
30. Re2 {[%clk 00:13:21]} {[%emt 00:00:39]} Rfg5 {[%clk 00:17:06]} {[%emt
00:00:20]} 31. Kf1 {[%clk 00:13:07]} {[%emt 00:00:44]} Qd7 {[%clk 00:11:30]}
{[%emt 00:06:07]} 32. Re4 {[%clk 00:10:21]} {[%emt 00:03:15]} Qg7 {[%clk
00:08:14]} {[%emt 00:03:45]} 33. Ke2 {[%clk 00:07:14]} {[%emt 00:03:37]} b6
{[%clk 00:07:11]} {[%emt 00:01:33]} 34. Qc2 {[%clk 00:04:31]} {[%emt 00:03:13]}
Bd6 {[%clk 00:04:21]} {[%emt 00:03:20]} 35. Qc4 {[%clk 00:02:53]} {[%emt
00:02:08]} c5 {[%clk 00:04:36]} {[%emt 00:00:15]} 36. Re1 {[%clk 00:02:10]}
{[%emt 00:01:13]} b5 {[%clk 00:04:30]} {[%emt 00:00:36]} 37. Qb3 {[%clk
00:01:13]} {[%emt 00:01:27]} Qc7 {[%clk 00:02:42]} {[%emt 00:02:18]} 38. Rc1
{[%clk 00:01:03]} {[%emt 00:00:41]} Qd7 {[%clk 00:00:54]} {[%emt 00:02:18]} 39.
Qe6 {[%clk 00:00:55]} {[%emt 00:00:38]} Qd8 {[%clk 00:00:35]} {[%emt 00:00:48]}
40. Qb3 {[%clk 00:00:36]} {[%emt 00:00:49]} Qf8 {[%clk 00:00:39]} {[%emt
00:00:27]} 41. bxc5 {[%clk 00:00:53]} {[%emt 00:00:13]} Rxc5 {[%clk 00:01:08]}
{[%emt 00:00:01]} 42. Rxc5 {[%clk 00:01:06]} {[%emt 00:00:17]} Bxc5 {[%clk
00:01:36]} 43. a4 {[%clk 00:01:17]} {[%emt 00:00:19]} bxa4 {[%clk 00:01:37]}
{[%emt 00:00:29]} 44. Qxa4 {[%clk 00:01:29]} {[%emt 00:00:18]} Qb8 {[%clk
00:01:23]} {[%emt 00:00:43]} 45. Qa2 {[%clk 00:00:37]} {[%emt 00:01:22]} Qb4
{[%clk 00:00:50]} {[%emt 00:01:03]} 46. Re5 {[%clk 00:00:40]} {[%emt 00:00:28]}
a5 {[%clk 00:00:38]} {[%emt 00:00:42]} 47. Bd5 {[%clk 00:00:56]} {[%emt
00:00:14]} Rb8 {[%clk 00:00:49]} {[%emt 00:00:19]} 48. Bc4 {[%clk 00:01:08]}
{[%emt 00:00:18]} a4 {[%clk 00:00:45]} {[%emt 00:00:34]} 49. Kf3 {[%clk
00:01:20]} {[%emt 00:00:18]} a3 {[%clk 00:00:54]} {[%emt 00:00:21]} 50. Qe2
{[%clk 00:01:31]} {[%emt 00:00:19]} Rf8 {[%clk 00:00:54]} {[%emt 00:00:29]} 51.
Re8 {[%clk 00:00:52]} {[%emt 00:01:09]} Qb7+ {[%clk 00:01:21]} {[%emt
00:00:03]} 52. Qe4 {[%clk 00:00:52]} {[%emt 00:00:31]} Qxe4+ {[%clk 00:01:05]}
{[%emt 00:00:44]} 53. Rxe4 {[%clk 00:01:15]} {[%emt 00:00:08]} Rb8 {[%clk
00:00:48]} {[%emt 00:00:47]} 54. Kxf4 {[%clk 00:00:41]} {[%emt 00:01:04]} Rb2
{[%clk 00:01:02]} {[%emt 00:00:15]} 55. Re8+ {[%clk 00:00:37]} {[%emt
00:00:35]} Kg7 {[%clk 00:01:31]} {[%emt 00:00:01]} 56. Kf3 {[%clk 00:00:49]}
{[%emt 00:00:18]} Bb4 {[%clk 00:01:35]} {[%emt 00:00:25]} 57. g4 {[%clk
00:00:44]} {[%emt 00:00:36]} h6 {[%clk 00:01:03]} {[%emt 00:01:01]} 58. Ra8
{[%clk 00:00:42]} {[%emt 00:00:32]} Be1 {[%clk 00:00:40]} {[%emt 00:00:53]} 59.
Rxa3 {[%clk 00:00:41]} {[%emt 00:00:32]} Rxf2+ {[%clk 00:01:08]} {[%emt
00:00:01]} 60. Ke4 {[%clk 00:00:56]} {[%emt 00:00:15]} Rh2 {[%clk 00:00:37]}
{[%emt 00:01:01]} 61. Ra7+ {[%clk 00:01:05]} {[%emt 00:00:22]} Kg6 {[%clk
00:00:55]} {[%emt 00:00:05]} 62. Ra6+ {[%clk 00:01:24]} {[%emt 00:00:17]} Kg7
{[%clk 00:01:23]} {[%emt 00:00:01]} 63. Ra7+ {[%clk 00:00:53]} {[%emt
00:01:02]} Kg6 {[%clk 00:01:51]} {[%emt 00:00:01]} 64. Ra6+ {[%clk 00:01:00]}
{[%emt 00:00:23]} Kg7 {[%clk 00:02:20]} {[%emt 00:00:01]} 65. Kxd4 {[%clk
00:00:46]} {[%emt 00:00:44]} Rxh3 {[%clk 00:02:49]} {[%emt 00:00:02]} 66. Ke4
{[%clk 00:00:56]} {[%emt 00:00:20]} Bf2 {[%clk 00:02:04]} {[%emt 00:01:15]} 67.
Ra2 {[%clk 00:00:56]} {[%emt 00:00:30]} Bb6 {[%clk 00:02:18]} {[%emt 00:00:15]}
68. Rb2 {[%clk 00:00:51]} {[%emt 00:00:34]} Bg1 {[%clk 00:02:08]} {[%emt
00:00:42]} 69. Kf4 {[%clk 00:00:45]} {[%emt 00:00:36]} Kf6 {[%clk 00:01:50]}
{[%emt 00:00:48]} 70. Rb7 {[%clk 00:00:59]} {[%emt 00:00:16]} Bh2+ {[%clk
00:01:46]} {[%emt 00:00:34]} 71. Ke4 {[%clk 00:01:10]} {[%emt 00:00:19]} Rg3
{[%clk 00:01:42]} {[%emt 00:00:34]} 72. Rf7+ {[%clk 00:00:50]} {[%emt
00:00:50]} Kg6 {[%clk 00:01:53]} {[%emt 00:00:12]} 73. Be6 {[%clk 00:00:38]}
{[%emt 00:00:48]} Rxg4+ {[%clk 00:02:14]} {[%emt 00:00:10]} 1/2-1/2

[Event "POHÁR města Říčany 2023"]
[Site "Městské kulturní středisko U labutě"]
[Date "2023.09.01"]
[Round "8.4"]
[White "Soucek, Petr"]
[Black "Popov, Roman"]
[Result "1-0"]
[WhiteFideId "23715170"]
[BlackFideId "23732580"]
[WhiteElo "2268"]
[BlackElo "1925"]
[PlyCount "0"]
[EventDate "2023.08.26"]

1. e4 {[%clk 01:30:48]} {[%emt 00:00:10]} c6 {[%clk 01:30:29]} {[%emt
00:00:32]} 2. d4 {[%clk 01:31:08]} {[%emt 00:00:10]} d5 {[%clk 01:30:51]}
{[%emt 00:00:07]} 3. e5 {[%clk 01:31:32]} {[%emt 00:00:07]} c5 {[%clk
01:30:37]} {[%emt 00:00:45]} 4. dxc5 {[%clk 01:31:53]} {[%emt 00:00:08]} Nc6
{[%clk 01:31:01]} {[%emt 00:00:06]} 5. Bb5 {[%clk 01:32:04]} {[%emt 00:00:20]}
e6 {[%clk 01:27:55]} {[%emt 00:03:36]} 6. Be3 {[%clk 01:31:33]} {[%emt
00:01:01]} Nge7 {[%clk 01:25:56]} {[%emt 00:02:29]} 7. Nf3 {[%clk 01:29:44]}
{[%emt 00:02:19]} Nf5 {[%clk 01:24:15]} {[%emt 00:02:10]} 8. Bd4 {[%clk
01:20:46]} {[%emt 00:09:29]} Qa5+ {[%clk 01:16:07]} {[%emt 00:08:39]} 9. Nc3
{[%clk 01:21:02]} {[%emt 00:00:14]} Bd7 {[%clk 01:15:54]} {[%emt 00:00:42]} 10.
O-O {[%clk 01:02:03]} {[%emt 00:19:28]} Nfxd4 {[%clk 01:11:11]} {[%emt
00:05:13]} 11. Nxd4 {[%clk 01:02:27]} {[%emt 00:00:06]} Bxc5 {[%clk 01:02:17]}
{[%emt 00:09:24]} 12. Nb3 {[%clk 00:57:08]} {[%emt 00:05:50]} Qb6 {[%clk
01:01:23]} {[%emt 00:01:24]} 13. Bxc6 {[%clk 00:53:53]} {[%emt 00:03:44]} Bxc6
{[%clk 00:59:35]} {[%emt 00:02:18]} 14. a4 {[%clk 00:53:35]} {[%emt 00:00:49]}
a5 {[%clk 00:52:52]} {[%emt 00:07:13]} 15. Nxc5 {[%clk 00:52:50]} {[%emt
00:01:15]} Qxc5 {[%clk 00:53:06]} {[%emt 00:00:15]} 16. Ne2 {[%clk 00:53:05]}
{[%emt 00:00:16]} Qb4 {[%clk 00:47:33]} {[%emt 00:06:02]} 17. Qd4 {[%clk
00:51:12]} {[%emt 00:02:23]} Qxd4 {[%clk 00:45:50]} {[%emt 00:02:13]} 18. Nxd4
{[%clk 00:51:38]} {[%emt 00:00:04]} Ke7 {[%clk 00:45:11]} {[%emt 00:01:09]} 19.
f4 {[%clk 00:50:58]} {[%emt 00:01:11]} Bd7 {[%clk 00:43:25]} {[%emt 00:02:15]}
20. Kf2 {[%clk 00:50:16]} {[%emt 00:01:12]} Rac8 {[%clk 00:42:32]} {[%emt
00:01:22]} 21. Ke3 {[%clk 00:50:18]} {[%emt 00:00:29]} h5 {[%clk 00:37:19]}
{[%emt 00:05:43]} 22. b3 {[%clk 00:45:11]} {[%emt 00:05:37]} g6 {[%clk
00:34:15]} {[%emt 00:03:34]} 23. Kd2 {[%clk 00:44:06]} {[%emt 00:01:35]} Rc7
{[%clk 00:30:35]} {[%emt 00:04:09]} 24. Rf3 {[%clk 00:43:48]} {[%emt 00:00:48]}
b6 {[%clk 00:28:59]} {[%emt 00:02:06]} 25. Rh3 {[%clk 00:42:18]} {[%emt
00:02:00]} Rcc8 {[%clk 00:25:13]} {[%emt 00:04:16]} 26. Re1 {[%clk 00:39:28]}
{[%emt 00:03:20]} Rhg8 {[%clk 00:19:49]} {[%emt 00:05:54]} 27. Rg3 {[%clk
00:36:27]} {[%emt 00:03:31]} Rc5 {[%clk 00:13:08]} {[%emt 00:07:10]} 28. Ree3
{[%clk 00:35:44]} {[%emt 00:01:14]} Rgc8 {[%clk 00:12:32]} {[%emt 00:01:05]} 29.
Rgf3 {[%clk 00:28:28]} {[%emt 00:07:46]} Rb8 {[%clk 00:09:53]} {[%emt
00:03:09]} 30. Rf1 {[%clk 00:27:39]} {[%emt 00:01:20]} Rh8 {[%clk 00:07:42]}
{[%emt 00:02:40]} 31. Rg1 {[%clk 00:25:33]} {[%emt 00:02:37]} Rc7 {[%clk
00:04:46]} {[%emt 00:03:26]} 32. Rh3 {[%clk 00:25:43]} {[%emt 00:00:21]} Rcc8
{[%clk 00:04:50]} {[%emt 00:00:26]} 33. Rf1 {[%clk 00:21:30]} {[%emt 00:04:43]}
Rhg8 {[%clk 00:03:55]} {[%emt 00:01:24]} 34. Rf2 {[%clk 00:18:45]} {[%emt
00:03:16]} Rh8 {[%clk 00:03:12]} {[%emt 00:01:12]} 35. Rff3 {[%clk 00:18:53]}
{[%emt 00:00:23]} Rhg8 {[%clk 00:02:31]} {[%emt 00:01:11]} 36. Rfg3 {[%clk
00:18:52]} {[%emt 00:00:31]} Rh8 {[%clk 00:01:06]} {[%emt 00:01:55]} 37. Rh4
{[%clk 00:18:59]} {[%emt 00:00:23]} Rhg8 {[%clk 00:00:42]} {[%emt 00:00:53]} 38.
Rf3 {[%clk 00:16:26]} {[%emt 00:03:04]} Rh8 {[%clk 00:00:53]} {[%emt 00:00:19]}
39. Rfh3 {[%clk 00:16:43]} {[%emt 00:00:14]} Rhg8 {[%clk 00:00:37]} {[%emt
00:00:45]} 40. g4 {[%clk 00:16:20]} {[%emt 00:00:52]} hxg4 {[%clk 00:00:33]}
{[%emt 00:00:34]} 41. Rxg4 {[%clk 00:16:46]} {[%emt 00:00:04]} Rg7 {[%clk
00:00:34]} {[%emt 00:00:28]} 42. Rh6 {[%clk 00:16:03]} {[%emt 00:01:13]} Rcg8
{[%clk 00:00:36]} {[%emt 00:00:28]} 43. Nf3 {[%clk 00:15:57]} {[%emt 00:00:36]}
Bc6 {[%clk 00:00:36]} {[%emt 00:00:30]} 44. Rgh4 {[%clk 00:15:50]} {[%emt
00:00:37]} Bb7 {[%clk 00:00:34]} {[%emt 00:00:32]} 45. Ng5 {[%clk 00:16:09]}
{[%emt 00:00:11]} f6 {[%clk 00:00:41]} {[%emt 00:00:23]} 46. Nf3 {[%clk
00:14:17]} {[%emt 00:02:22]} fxe5 {[%clk 00:00:47]} {[%emt 00:00:23]} 47. fxe5
{[%clk 00:13:32]} {[%emt 00:01:15]} Rf8 {[%clk 00:00:34]} {[%emt 00:00:43]} 48.
Ke3 {[%clk 00:13:55]} {[%emt 00:00:37]} g5 {[%clk 00:00:40]} {[%emt 00:00:54]}
49. Rh7 {[%clk 00:12:49]} {[%emt 00:01:36]} Rff7 {[%clk 00:00:38]} {[%emt
00:00:31]} 50. Rxg7 {[%clk 00:12:51]} {[%emt 00:00:28]} Rxg7 {[%clk 00:00:40]}
{[%emt 00:00:27]} 51. Rg4 {[%clk 00:13:12]} {[%emt 00:00:10]} Ba6 {[%clk
00:00:32]} {[%emt 00:00:38]} 52. h4 {[%clk 00:13:02]} {[%emt 00:00:39]} b5
{[%clk 00:00:34]} {[%emt 00:00:28]} 53. axb5 {[%clk 00:13:22]} {[%emt
00:00:11]} Bxb5 {[%clk 00:00:53]} {[%emt 00:00:11]} 54. Nxg5 {[%clk 00:13:20]}
{[%emt 00:00:32]} Be8 {[%clk 00:00:38]} {[%emt 00:00:44]} 55. Rf4 {[%clk
00:13:00]} {[%emt 00:00:50]} Bg6 {[%clk 00:00:34]} {[%emt 00:00:35]} 56. Kd2
{[%clk 00:13:24]} {[%emt 00:00:06]} Be8 {[%clk 00:00:33]} {[%emt 00:00:30]} 57.
Rf6 {[%clk 00:13:28]} {[%emt 00:00:27]} Rg6 {[%clk 00:00:34]} {[%emt 00:00:29]}
58. Rf4 {[%clk 00:12:57]} {[%emt 00:01:01]} Rh6 {[%clk 00:00:42]} {[%emt
00:00:21]} 59. Kc3 {[%clk 00:12:26]} {[%emt 00:01:02]} Rg6 {[%clk 00:00:32]}
{[%emt 00:00:40]} 60. Kd4 {[%clk 00:12:26]} {[%emt 00:00:30]} Rg7 {[%clk
00:00:33]} {[%emt 00:00:28]} 61. Kc5 {[%clk 00:12:04]} {[%emt 00:00:54]} Bg6
{[%clk 00:00:41]} {[%emt 00:00:21]} 62. Ra4 {[%clk 00:10:28]} {[%emt 00:02:06]}
Rg8 {[%clk 00:00:32]} {[%emt 00:00:39]} 63. Rxa5 {[%clk 00:10:52]} {[%emt
00:00:06]} Rc8+ {[%clk 00:00:37]} {[%emt 00:00:25]} 64. Kd4 {[%clk 00:11:09]}
{[%emt 00:00:13]} Rxc2 {[%clk 00:00:34]} {[%emt 00:00:33]} 65. Ra7+ {[%clk
00:11:31]} {[%emt 00:00:08]} Ke8 {[%clk 00:00:41]} {[%emt 00:00:22]} 66. Nxe6
{[%clk 00:11:44]} {[%emt 00:00:18]} Rh2 {[%clk 00:00:33]} {[%emt 00:00:37]} 67.
Kc5 {[%clk 00:11:46]} {[%emt 00:00:29]} Rxh4 {[%clk 00:00:31]} {[%emt
00:00:32]} 68. Kd6 {[%clk 00:12:09]} {[%emt 00:00:06]} Be4 {[%clk 00:00:40]}
{[%emt 00:00:21]} 69. Re7# {[%clk 00:12:32]} {[%emt 00:00:07]} 1-0